| 000 | 00623nam a2200241Ia 4500 | ||
|---|---|---|---|
| 003 | 0100 | ||
| 008 | 130307s9999 xx 000 0 und d | ||
| 020 | _a9966211349 | ||
| 040 | _cARRUPELIB | ||
| 050 | _aBX1675.O57 2001 | ||
| 100 | _aOnwubiko, Oliver Alozie | ||
| 245 | 4 | _aThe church in mission in the light of ecclesia in Africa | |
| 245 | _ba triology | ||
| 260 | _aNairobi | ||
| 260 | _bPaulines Publications Africa | ||
| 260 | _c2001 | ||
| 300 | _a472p. | ||
| 300 | _b21cm. | ||
| 650 | _aCATHOLIC CHURCH | ||
| 650 | _bDesjardins, Alphonse--Fiction | ||
| 650 | _cBanks & Banking--Fiction | ||
| 942 | 0 | 0 | _01 |
| 999 |
_c101554 _d101554 |
||